50 Quiz Fragen (4) - Statistiken

Allgemein
  • Dieses Quiz wurde 171 mal gespielt
  • Das Durchschnittsergebnis liegt bei 23 aus 50
Antwortstatistiken
Frage Antwort % Korrekt
Was ist die Wurzel aus 81? 9
93%
Welcher Planet befindet sich in unserem Sonnensystem zwischen Venus und Mars? Erde
93%
Personen, die auf jegliche tierische Produkte verzichten bezeichnet man als…? Veganer
88%
Wie nennt man ein weibliches Pferd? Stute
86%
In der Mitte der Kanadischen Flagge befindet sich ein rotes Blatt welchen Baumes? Ahorn
83%
Laut Sprichwort ist nicht alles Gold, was ...? glänzt
81%
Was ist das Nationaltier von Deutschland? Adler
79%
Wie nennt man eine Zahl, die nur durch sich selbst und 1 teilbar ist? Primzahl
78%
Wie heißt der traditionell braungekleidete Gehilfe des heiligen Nikolaus, dessen Aufgabe es ist, unartige Kinder zu strafen und nicht zu beschenken? Knecht Ruprecht
74%
Welches Obst inspirierte Isaac Newton der Legende nach zur Entwicklung des Gravitationsgesetzes? Apfel
72%
Welches Märchen handelt von einem Mädchen, dass sich an seinem 15. Geburtstag an einer Spindel sticht? Dornröschen
71%
In welchem Land liegt die Stadt Mekka? Saudi-Arabien
70%
Wer gilt als „Der König von Mallorca“? Jürgen Drews
62%
In welchem Jahr lief die letzte Folge der Lindenstraße? 2020
60%
Um welches Tier handelt es sich bei einem Blaufußtölpel? Vogel
56%
Welcher Farbstoff verleiht Pflanzen ihre grüne Farbe? Chlorophyll
53%
Unter welchem Kürzel ist der britische Auslandsgeheimdienst bekannt? MI6
52%
Wie viele Jahre dauert die reguläre Amtsperiode eines Bundespräsidenten? 5 Jahre
51%
In welchem deutschen Bundesland liegt das Steinhuder Meer? Niedersachsen
51%
Welcher deutsche Fußballverein trägt, aufgrund seiner offensiven Spielweise den Spitznamen „Fohlen“? Borussia Mönchengladbach
47%
Wie heißt der Podcast der beiden Comedians Tommi Schmidt und Felix Lobrecht? Gemischtes Hack
47%
Hat man am 27. Juni Geburtstag, gehört man zum Sternzeichen…? Krebs
46%
Zu welchem Land gehören die Galápagos Inseln? Ecuador
45%
Welches Gerät stellt die Trophäe des Musikpreises „Grammy" dar? Grammophon
45%
Wie nennt man ein Wort, welches sowohl vorwärts als auch rückwärts die selbe Abfolge von Buchstaben aufweist? Palindrom
45%
Wer schrieb unter anderem die Werke „Die Verwandlung“, „Brief an den Vater“ und „Forschungen eines Hundes“? Franz Kafka
44%
In welchem Staat endet die Route 66? Kalifornien
44%
Welcher tragische Held aus der griechischen Mythologie tötet seinen Vater und heiratet seine eigene Mutter? Ödipus
44%
Welches Wappentier hat der italienische Fußballverein AS Rom? Wölfin
44%
Mick Jagger, Keith Richards, Ron Wood und Charlie Watts sind Mitglieder welcher englischen Rockband? The Rolling Stones
43%
Welches bekannte Bauwerk trägt den Spitznamen „Eiserne Dame"? Eiffelturm
39%
Was fand von 1814 bis 1815 in Wien statt, um Europa nach dem Sturz Napoleons neu zu ordnen? Wiener Kongress
39%
Wie wird die Phase genannt, in der eine reife Eizelle aus dem Eierstock in den Eileiter in Richtung Gebärmutter wandert, um dort innerhalb 12 - 24 Stunden befruchtet zu werden? Eisprung
37%
Die Mykologie ist die Wissenschaft von welchen Lebewesen? Pilze
37%
Essence ist eine deutsche Marke für…? Kosmetikprodukte
36%
Wie nennt man den Kulturteil in einer Zeitung, der sich mit Kunst, Unterhaltung und Gesellschaft befasst? Feuilleton
31%
Welche Sportart bedeutet übersetzt so viel wie „sanfter Weg"? Judo
30%
Wofür steht das „B“ in Johannes B. Kerner? Baptist
28%
Auf welcher Uhrzeit sollten Messer und Gabel beim Beenden einer Speise liegen, wenn man sich den Teller als Uhr vorstellt? 20 nach 4 Uhr
26%
Welche Firma produzierte den legendären Heimcomputer C64? Commodore
24%
Wofür steht die Abkürzung DNA? Desoxyribonukleinsäure
24%
Mit welcher Einheit wird die Windstärke gemessen? Beaufort
18%
Wie nennt man den Spielzug im Handball, bei dem der Ball auf einen in Richtung Tor springenden Spieler gepasst wird, der ihn in der Luft fängt und dann sofort auf das Tor wirft? Kempa-Trick
14%
Wie heißt der sprechende Kerzenleuchter in Disneys „Die Schöne und das Biest“? Lumière
12%
Wie heißt das grüne Schleimmonster aus „Ghostbusters - Die Geisterjäger“? Slimer
12%
Wer saß 2017 gemeinsam mit Dieter Bohlen, Michelle und Shirin David in der DSDS Jury? H. P. Baxxter
10%
Die Novelle „Unterm Rad" stammt von welchem deutschen Schriftsteller? Hermann Hesse
9%
Gin, Campari, süßer Vermouth Rosso, Soda und Eiswürfel sind die Bestandteile welchen Cocktails? Negroni
8%
Pediophobie bezeichnet die Angst vor…? Puppen
3%
Britney Spears sang nicht nur viele berühmte Songs, sondern schrieb 2023 auch ihre Autobiografie mit dem Titel…? The Woman in Me
2%
Keine übereinstimmenden Quizze gefunden
Verteilung der Resultate
Anzahl Personen mit jedem Resultat
Perzentil nach korrekt beantworteten Fragen
Ihre Resultats-Entwicklung
Sie haben dieses Quiz noch nicht gespielt